000 00629nam a2200205 i 4500
001 106082
003 ES-MaACL
007 t|
008 060925s1958 ag ||||1| spa d
080 _a821.134.2(82)-32"19"
100 1 _aPrelooker, Carlos.
_993751
245 1 0 _aBurbujas en el camino
_b: cuentos /
_cCarlos Prelooker.
260 _aBuenos Aires :
_bDoble p,
_c[1958]
300 _a76 p. ;
_c18 cm.
490 1 _aGrandes escritores argentinos ;
_v4
500 _aBiblioteca Juan Andrade.
830 0 _aGrandes escritores argentinos ;
_v4
_9185156
852 _aES-MaACL
_jAND-859
_bR.110147
999 _c106082
_d106082